00500nam a22001457a 4500041000800000082001600008100001100024245012400035260002600159300000700185650003100192942000900223952010500232999001700337 aENG a230.82bANU aAnusha aThe Role of Native women towards the work of the Mennonite Brethren Church in Gadwal area Telangana: A Feminist Reading aHyderabadbARRCc2024 a72 aWomen - Christian Theology cTHES 00104070aHMIbHMIcREFd2024-07-30eStudentl0o230.82 ANUp11-4851r2024-07-30w2024-07-30yTHES c23495d23495